Desordre general : Joan Baixas en el 50 aniversari del Teatre de La Claca = Desorden general : Joan Baixas en el 50 aniversario del teatro de La Claca = General disorder : Joan Baixas on the 50th anniversary ot Teatre del La Claca / Joan Baixas en el 50 aniversari del Teatre de La Claca = Desorden general : Joan Baixas en el 50 aniversario del teatro de La Claca = General disorder : Joan Baixas on the 50th anniversary ot Teatre del La Claca /

ISBN: 9788498038507
Descripción Física: 278 pàgines : il·lustracions (algunes en color) ; 28 cm
Idioma: Catalán , Español , English

MARC

LEADER 00000cam a2200000 i 4500
001 Bib-639
005 20260324181121.0
008 181123e201811 spca||| |||| 0|0 0dcat|c
017 |a DL B 23917-2018  |b Biblioteca Catalunya 
020 |a 9788498038507 
041 1 |a cat  |a spa  |a eng  |h cat 
043 |a e-sp---  |b e-spc--  |2 catmarc 
080 |a Bib-639 
245 0 0 |a Desordre general :  |b Joan Baixas en el 50 aniversari del Teatre de La Claca = Desorden general : Joan Baixas en el 50 aniversario del teatro de La Claca = General disorder : Joan Baixas on the 50th anniversary ot Teatre del La Claca /  |c text: Joan Baixas, Glòria Rognoni i Marina Baixas ; edició a cura de Glòria Rognoni i Marina Baixas ; traduccions: Gemma Merinero (castellà), Susan Feuer (anglès) 
246 3 1 |i Títol en castellà a la pàgina 185:  |a Desorden general 
246 3 1 |i Títol en anglès a la pàgina 233:  |a General disorder 
250 |a Primera edició 
260 |a Barcelona :  |b Institut del Teatre de la Diputació de Barcelona,  |c novembre de 2018 
264 1 |a Barcelona :  |b Institut del Teatre de la Diputació de Barcelona,  |c novembre de 2018 
300 |a 278 pàgines :  |b il·lustracions (algunes en color) ;  |c 28 cm 
336 |a text  |b txt  |2 rdacontent 
336 |a imatge fixa  |b sti  |2 rdacontent 
337 |a sense mediació  |b n  |2 rdamedia 
338 |a volum  |b nc  |2 rdacarrier 
546 |a Text en català, castellà i anglès 
600 0 |a Baixas, Joan,  |d 1946-  |2 lemac  |9 53359 
610 0 |a Putxinel·lis Claca  |x Història  |2 lemac  |9 53360 
650 0 |a Titelles i teatre de titelles  |2 Arxiu  |9 50442  |x Catalunya 
700 |a Baixas, Marina  |e editor literari  |9 53361 
700 |a Rognoni, Glòria  |e editor literari  |9 53362 
700 2 |a Baixas, Joan,  |d 1946-  |t Obres.  |k Seleccions 
710 1 |a Institut del Teatre (Barcelona, Catalunya)  |e entitat editora  |9 52662 
908 |a CDMAE  |a BC  |a COAC 
940 |a BC 
942 |2 udc  |c ARXIU  |n 1 
952 |0 0  |1 0  |4 0  |6 BIB639  |7 1  |9 62310  |a Arxiu  |b Arxiu  |d 2022-06-09  |l 0  |o Bib-639  |p 25851  |r 2022-06-09 00:00:00  |w 2022-06-09  |y ARXIU 
999 |c 81972  |d 81972